000 00675cam a2200157 4500500
005 20260201115213.0
041 _afre
042 _adc
100 1 0 _aHeriard Dubreuil, Bertrand
_eauthor
245 0 0 _aSébastian Roché, Le frisson de l’émeute, violence urbaine des banlieues, Seuil, 2006, 222 p., 16 €
260 _c2007.
500 _a82
520 _aResumé Ferdinando Fava, Banlieue de Palerme, une version sicilienne de l’exclusion urbaine, l’Harmattan, 2007, 382 p., 31 €
786 0 _nRevue Projet | 300 | 5 | 2007-08-01 | p. 092f-094f | 0033-0884
856 4 1 _uhttps://shs.cairn.info/revue-projet-2007-5-page-092f?lang=fr&redirect-ssocas=7080
999 _c1641754
_d1641754